| 000 | 00590nam a2200205 a 4500 | ||
|---|---|---|---|
| 001 | 000030065 | ||
| 003 | DO-SdBNP | ||
| 005 | 20230213081258.0 | ||
| 007 | ta | ||
| 008 | 110428s19uu dr b 000 0 spa d | ||
| 040 |
_aDO-SdBNP _bspa _cBNPHU |
||
| 049 | _aBNPD | ||
| 082 | 4 |
_bR332p _222 |
|
| 100 | 1 |
_aLlinas, Romeo A. _91745 |
|
| 245 | 1 | 0 |
_aPerspectivas energéticas de la República Dominicana / _cRomeo A. Llinas. |
| 260 |
_aSanto Domingo : _bRefineria Dominicana de Petroleo, _c[19--?]. |
||
| 300 |
_a25 p. : _bmapas ; _c18 cm. |
||
| 590 | _aInventariado, 2023/BT | ||
| 942 |
_2ddc _cLBS1 |
||
| 999 |
_c29557 _d29557 |
||